Koleksi cerita Nabi 1

Bibliographic Details
Format: Book
Published: Selangor : Pustaka Cahaya Intelek , 2002
Subjects:

MARC

LEADER 00000cam a2200000 7i4500
001 0000007529
005 20151222.0
008 070903
020 |a 9832303439 
090 0 0 |a JF   |b REG MAL (7758) 
245 1 0 |a Koleksi cerita Nabi 1 
260 |a Selangor :   |b Pustaka Cahaya Intelek ,   |c 2002 
500 |a Children ages 7-9 years old (orange) 
650 0 |a Malay language   |x Readers   |x Islamic stories 
999 |a 0000983793   |b Book   |c Children Collection   |e Perbadanan Perpustakaan Awam Johor 
999 |a 0000983794   |b Book   |c Children Collection   |e Perbadanan Perpustakaan Awam Johor